01534nam a2200325 c 4500001000200000003000200002005001700004008004100021020001800062040002700080082002600107100005200133245005200185250005200237260009800289300003000387500035900417500000700776504003300783590002600816600007400842630003000916650002500946650002400971650003800995910001401033942001201047952013201059999001701191  20230427132613.0151007s2015 sp a | |||| 000 f spa  a9788420412146 aBPMSU bspacBPMSU e  a863.3bC419d 20152221 aCervantes Saavedra, Miguel ded1547-16160 93510aDon Quijote de la Mancha /cMiguel de Cervantes aEdición conmemorativa IV Centenario Cervantes aMadrid :bReal Academia Española ;bAsociación de Academias de la Lengua Españolac2015 aCXXI, 1249 p.bil.c21 cm aIncluye (p. XXXIII-CXXI, p. 1115-1153): Una novela para el siglo XXI / Mario Vargas Llosa ; La invención del "Quijote" / Francisco Ayala ; Cervantes y el "Quijote" / Martín de Riquer ; Nota al texto / Francisco Rico. La lengua de Cervantes y el "Quijote" / José Manuel Blecua, Guillermo Rojo, José Antonio Pascual, Margit Frenk, Claudio Guillén a b aBibliografía: p. 1153-1155 6Inventariado, 2021/VM14aCervantes Saavedra, Miguel ded1547-1616tDon Quijote de la Mancha2  4aLiteratura española x  4aNovela españolax  4aNovela de aventuras 4aCaballeros y caballeríavNovela aVMateo V. 2ddccBK 00102ddc40708CI-GaBPMETbBPMETd2021-07-23eCompra oBPMSU CG 863.3 C419d 2015pBPMSU21070044r2021-07-23w2021-07-23yBK c13603d13603